Die schlimme Brigitt; (Record no. 4862)

MARC details
000 -LEADER
fixed length control field 00586cam a22002171 4500
001 - CONTROL NUMBER
control field af 48002095
003 - CONTROL NUMBER IDENTIFIER
control field DLC
005 - DATE AND TIME OF LATEST TRANSACTION
control field 20260227110853.0
008 - FIXED-LENGTH DATA ELEMENTS--GENERAL INFORMATION
fixed length control field 890524s1942 gw 000 0 ger c
010 ## - LIBRARY OF CONGRESS CONTROL NUMBER
LC control number af 48002095
035 ## - SYSTEM CONTROL NUMBER
System control number (OCoLC)19759760
040 ## - CATALOGING SOURCE
Original cataloging agency Yale Univ. Library
Transcribing agency CU
Modifying agency DLC
042 ## - AUTHENTICATION CODE
Authentication code premarc
050 00 - LIBRARY OF CONGRESS CALL NUMBER
Classification number PT2635.I67
Item number S35
100 1# - MAIN ENTRY--PERSONAL NAME
Personal name Ringeling, Gerhard,
Dates associated with a name 1887-1951.
245 14 - TITLE STATEMENT
Title Die schlimme Brigitt;
Remainder of title Erzählung.
250 ## - EDITION STATEMENT
Edition statement [Feldausgabe]
260 ## - PUBLICATION, DISTRIBUTION, ETC.
Place of publication, distribution, etc. Gütersloh,
Name of publisher, distributor, etc. C. Bertelsmann
Date of publication, distribution, etc. [1942]
300 ## - PHYSICAL DESCRIPTION
Extent 64 p.
Dimensions 18 cm.
440 #0 - SERIES STATEMENT/ADDED ENTRY--TITLE
Title Kleine Feldpost-Reihe

No items available.

Powered by Koha